[Event "SVK-ch U14"]
[Site "Liptovsky Mikulas"]
[Date "2019.04.25"]
[Round "4"]
[White "Babjak, Samuel"]
[Black "Sandor, Samuel"]
[Result "0-1"]
[WhiteElo "1478"]
[BlackElo "1808"]
[PlyCount "132"]
[EventDate "2019.04.23"]
[EventType "swiss"]
[EventRounds "9"]
[EventCountry "SVK"]
[SourceTitle "CBM 190 Extra"]
[Source "ChessBase"]
[SourceDate "2019.07.15"]
[SourceVersion "1"]
[SourceVersionDate "2019.07.15"]
[SourceQuality "1"]

1. d4 d5 2. c4 c6 3. Nf3 e6 4. Nc3 f5 5. Bf4 Bd6 6. e3 Nf6 7. Bd3 0-0 8. 0-0 Qc7 9. Bxd6 Qxd6 10. Qc2 Ne4 11. Ne5 Nd7 12. c5 Ndxc5 13. Nxe4 Nxe4 14. f3 Nf6 15. Kh1 Bd7 16. Rg1 Kh8 17. Raf1 Rac8 18. Qf2 Be8 19. Qh4 Rc7 20. g4 g6 21. gxf5 gxf5 22. Ng6+ Bxg6 23. Rxg6 Rcf7 24. Rfg1 Qe7 25. Rh6 Ng8 26. Qxe7 Rxe7 27. Rh3 Rg7 28. Rhg3 Rff7 29. b4 Rxg3 30. Rxg3 Rg7 31. Kg2 Rg6 32. b5 Kg7 33. bxc6 bxc6 34. Ba6 Ne7 35. Bb7 Kf6 36. Kf2 e5 37. Rh3 h6 38. f4 e4 39. Rg3 Kf7 40. Rg1 Rxg1 41. Kxg1 Ke6 42. Kg2 Kd6 43. Kf2 c5 44. dxc5+ Kxc5 45. Ba6 Kb4 46. Ke2 Ka3 47. Kd2 Kxa2 48. Kc3 Kb1 49. Bb5 a5 50. Kb3 Kc1 51. Kc3 Kd1 52. h3 Ke1 53. Kd4 Kd2 54. Ba4 Ke2 55. Be8 Kf3 56. h4 Ke2 57. Bb5+ Kd2 58. Ba4 Ng6 59. h5 Nh4 60. Kxd5 Kxe3 61. Ke5 Kf3 62. Bd1+ Kf2 63. Kf6 e3 64. Kg7 e2 65. Bxe2 Kxe2 66. Kxh6 a4 0-1

[Event "SVK-ch U14"]
[Site "Liptovsky Mikulas"]
[Date "2019.04.24"]
[Round "2"]
[White "Turis, Ondrej"]
[Black "Babjak, Samuel"]
[Result "0-1"]
[WhiteElo "1273"]
[BlackElo "1478"]
[PlyCount "52"]
[EventDate "2019.04.23"]
[EventType "swiss"]
[EventRounds "9"]
[EventCountry "SVK"]
[SourceTitle "CBM 190 Extra"]
[Source "ChessBase"]
[SourceDate "2019.07.15"]
[SourceVersion "1"]
[SourceVersionDate "2019.07.15"]
[SourceQuality "1"]

1. e4 c5 2. Nf3 Nc6 3. Nc3 g6 4. d4 cxd4 5. Nxd4 Bg7 6. Be3 Nf6 7. f3 0-0 8. Qd2 d5 9. 0-0-0 Nxd4 10. Bxd4 dxe4 11. Nxe4 Nxe4 12. fxe4 Be6 13. Bb5 Qc7 14. Bxg7 Kxg7 15. Kb1 Rfd8 16. Bd3 Rac8 17. Qf2 Qa5 18. a3 b5 19. c3 Qa4 20. Bc2 Qc4 21. Rd2 Qa2+ 22. Kc1 Qa1+ 23. Bb1 Bb3 24. Rxd8 Rxd8 25. Qxa7 Rd3 26. Qxe7 Rxc3+ 0-1

[Event "SVK-ch U14"]
[Site "Liptovsky Mikulas"]
[Date "2019.04.23"]
[Round "1"]
[White "Babjak, Samuel"]
[Black "Kostolansky, Sebastian Lukas"]
[Result "0-1"]
[WhiteElo "1478"]
[BlackElo "2323"]
[PlyCount "44"]
[EventDate "2019.04.23"]
[EventType "swiss"]
[EventRounds "9"]
[EventCountry "SVK"]
[SourceTitle "CBM 190 Extra"]
[Source "ChessBase"]
[SourceDate "2019.07.15"]
[SourceVersion "1"]
[SourceVersionDate "2019.07.15"]
[SourceQuality "1"]

1. e4 g6 2. d4 Bg7 3. Nc3 d6 4. g3 Nf6 5. Bg2 0-0 6. Nge2 Nbd7 7. h3 c6 8. 0-0 Qc7 9. Be3 e5 10. a4 Re8 11. Qd2 b6 12. Rad1 Ba6 13. dxe5 dxe5 14. Qd6 Qb7 15. g4 Rad8 16. g5 Nh5 17. Qb4 Nf4 18. Bxf4 exf4 19. Rfe1 Ne5 20. Nxf4 Bf8 21. Rxd8 Rxd8 22. Qb3 Bc4 0-1

[Event "SVK-ch U14"]
[Site "Liptovsky Mikulas"]
[Date "2018.04.23"]
[Round "4"]
[White "Babjak, Samuel"]
[Black "Kotora, Marko"]
[Result "1-0"]
[WhiteElo "1399"]
[BlackElo "1173"]
[PlyCount "43"]
[EventDate "2018.04.21"]
[EventType "swiss"]
[EventRounds "9"]
[EventCountry "SVK"]
[SourceTitle "CBM 184 Extra"]
[Source "ChessBase"]
[SourceDate "2018.06.28"]
[SourceVersion "1"]
[SourceVersionDate "2018.06.28"]
[SourceQuality "1"]

1. e4 e5 2. Nf3 Nc6 3. d4 exd4 4. Bc4 Be7 5. Nxd4 Nxd4 6. Qxd4 Bf6 7. Qd5 Qe7 8. 0-0 c6 9. Qd3 d6 10. Nc3 Qc7 11. Bf4 Ne7 12. Bxd6 Qd7 13. e5 Bg5 14. f4 Bh6 15. f5 Nxf5 16. g4 Nxd6 17. exd6 Qxg4+ 18. Kh1 0-0 19. Rg1 Qd7 20. Ne4 b5 21. Nf6+ Kh8 22. Qxh7# 1-0